| 000 | 00422nam a2200169Ia 4500 | ||
|---|---|---|---|
| 008 | 180207s9999 xx 000 0 und d | ||
| 050 | _bA416 [2003] | ||
| 245 | _aAll around me / | ||
| 245 | _cillustrated by Nagamasa Mukai. | ||
| 260 | _aTokyo : | ||
| 260 | _bFroebel-kan Co., Ltd., | ||
| 260 | _c[2003] | ||
| 300 | _aunpaged : | ||
| 300 | _bcolor illustration ; | ||
| 300 | _c17cm. | ||
| 440 | _aSunny day series. | ||
| 999 |
_c355705 _d355705 |
||